| LEADER |
00986nam0a2200205 450 |
| 001 |
16829416 |
| 010 |
|
|
|a 978-2-7002-5638-3
|b br.
|d 15,9
|
| 100 |
|
|
|a 20171219d2018 u u0frey01 ba
|
| 101 |
0 |
|
|a fre
|
| 102 |
|
|
|a FR
|
| 200 |
0 |
|
|a Quand vient la vague
|f Manon Fargetton, Jean-Christophe Tixier
|
| 207 |
|
1 |
|a
|
| 210 |
|
|
|a Paris
|b 21 Rue Cassette.
|c Ed. de l'Amitié
|d 2018
|
| 215 |
|
|
|a 1 vol. (269 p.)
|c ill.
|d 21 cm
|
| 330 |
|
|
|a Bouleversée, Nina quitte le domicile familial et jette ses clés dans une bouche dégout
Quelques mois plus tard, son frère Clément se met à sa recherche. De Lacanau à Bordeaux puis Paris, il découvre la raison de sa fuite, ces « vagues » qui lont submergée, lobligeant à tout quitter.
|
| 700 |
|
0 |
|a Fargetton
|b Manon
|f 1987-....
|4 70
|
| 701 |
|
0 |
|a Tixier
|b Jean-François
|f 1962-....
|4 70
|
| 900 |
|
|
|a Roman Jeunesse
|
| 901 |
|
|
|a Accessible au prêt
|
| 995 |
|
|
|a Bibliothèque
|c Bibliothèque
|f 024018701
|h 024018701
|k J FAR
|o p
|q j
|r az
|e Bibliothèque
|